000 01873cam a22003251 4500
001 rc 01000777
003 DLC
005 20260227111901.0
007 cr |||||||||||
008 820513s1874 mau 000 0 eng
010 _arc 01000777
040 _aDLC
_cCarP
_dDLC
043 _an-us-ca
050 0 0 _aF865
_b.E2
245 0 0 _aEarly voyages to California ...
260 _a[Salem, Mass.,
_bPrinted at the Salem press,
_c1874]
300 _a32 p.
_c24 cm.
500 _aEach part has also special t.p.
500 _a"From Essex institute historical collections, vol. XII, no. 2."
520 _aAlbert Peabody (1806-1879) and John Eagleston were Salem, Massachusetts merchants who sailed to California in the last months of 1848 to exploit the market for Eastern goods among the miners. Early voyages to California (1874) reprints two pieces from the Historical Collections of the Essex Institute. In the first, Peabody describes his December 1848 sailing with a cargo of foodstuffs and mining tools for the California gold camps, where he remained until 1851. Highlights include a voyage round the Horn and business life in San Francisco and Sacramento. In the second, Eagleston recounts his voyage in October 1848 and his brief stay in San Francisco to sell his cargo before returning east in the summer of 1849.
505 0 _aThe early days and rapid growth of California, by Alfred Peabody -- Account of an early California voyage, by J.H. Eagleston.
530 _aAlso available in digital form on the Library of Congress Web site.
540 _aNo known restrictions on publication.
651 0 _aCalifornia
_xGold discoveries.
651 0 _aCalifornia
_xHistory.
650 0 _aBusiness
_zCalifornia.
700 1 _aPeabody, Alfred,
_d1806-1879.
700 1 _aEagleston, John H.
856 4 1 _dcalbk
_f175
_qt
_uhttp://hdl.loc.gov/loc.gdc/calbk.175
999 _c51900
_d51900